[Event "Høstturneringen 2015"]
[Site "Ås, Akershus NOR"]
[Date "2015.10.27"]
[Round "6"]
[White "Sandvik, Sander"]
[Black "Aalmo, Alexander"]
[Result "1-0"]
[WhiteElo "917"]
[BlackElo "1197"]
[Annotator "Sandvik, Sander"]
[PlyCount "87"]
[EventDate "2015.09.03"]

1. e4 d6 2. d4 Nf6 3. Nc3 g6 4. Be3 (4. f4) 4... Bg7 5. f3 a6 (5... c6) 6. Qd2
b5 7. O-O-O (7. g4 h5 (7... b4 8. Nce2 a5 9. g5 Nfd7 10. O-O-O)) 7... O-O 8.
Bh6 (8. g4 {Burde forsøkt å få igang noe på kongefløyen.}) 8... Nc6 9. Bxg7
Kxg7 10. Nge2 {Følte at jeg var litt underutviklet.} e5 {Stockfish vil heller
holde spenningen oppe i sentrum:} 11. dxe5 (11. a3 h5 12. Kb1 Bd7 13. h3) 11...
dxe5 12. Qxd8 Rxd8 13. Rxd8 Nxd8 {Er ikke helt fornøyd med posisjonen min
etter avbyttene, brikkene mine har litt vél begrenset mobilitet.} 14. Kd2 (14.
b3 Be6 15. g4) 14... c5 15. Nc1 {Vurderte} (15. Nd5 {Likte ikke} Nxd5 16. exd5
Bb7 17. Nc3 b4 {Undervurderte hvor god en slik posisjon var for hvit, gitt at
dette hadde skjedd i partiet.}) 15... Ra7 16. Nd3 {Fordelen til hvit er nesten
helt borte.} Rd7 17. Ke3 Ne6 {Gir bort en bonde. En interessant mulighet er:} (
17... c4 18. Nxe5 Re7 19. Nxc4 bxc4 20. Bxc4 Nc6 {Ubalansert}) 18. Nxe5 Rd8 19.
b3 (19. Bd3 c4 20. Be2 Nd4 {Likte ikke hvordan dette så ut. Hvit har mange
muligheter her, riktignok.}) 19... Nd4 20. Bd3 Ng8 21. Ne2 f6 22. Ng4 Nc6 23.
c3 {Burde fått springeren ut av skuddsonen.} (23. Nf2 Nb4 {Var litt redd for
dette trekket, men etter a3 er det ingenting å bekymre seg over. Hadde
relativt lite tid igjen nå.} 24. a3 Nc6) 23... Bxg4 24. fxg4 Ne5 25. Nf4 Kf7 {
Gir fordelen tilbake til hvit.} (25... Nxg4+ 26. Kf3 Ne5+ 27. Ke3 Ng4+ {
Plutselig har det gått fra fordel hvit, til lik stilling.}) 26. h3 g5 27. Nd5 {
Det er hva jeg kaller en godt plassert springer!} Ne7 28. c4 N7c6 {Gir bort
enda en bonde.} 29. cxb5 Nxd3 30. bxc6 Ne5 {Sort kunne forsøkt seg på noe
slikt som:} (30... Nb4 31. Rf1 Nxd5+ 32. exd5 Rxd5 33. c7 Re5+ 34. Kd3 Re8 35.
Rc1 Rc8 36. Rxc5 {Dette ser ikke bra ut for sort.}) 31. c7 Rc8 32. Rc1 Nd7 33.
Rc4 Ke6 34. Ra4 Kf7 35. Rxa6 h6 36. Rc6 Kg7 37. Ne7 Nb8 38. Nxc8 Nxc6 39. Nd6
Na7 40. c8=Q Nxc8 41. Nxc8 Kf7 42. a4 Ke6 43. Nb6 Kd6 44. Nc4+ 1-0

[Event "Høstturneringen 2015"]
[Site "Ås, Akershus NOR"]
[Date "2015.10.29"]
[Round "7"]
[White "Furnes, Torstein"]
[Black "Kielland-Lund, Jon"]
[Result "1/2-1/2"]
[WhiteElo "1629"]
[BlackElo "1551"]
[Annotator "Furnes, Torstein"]
[PlyCount "80"]
[EventDate "2015.09.03"]

1. d4 d5 2. c4 c6 3. cxd5 cxd5 4. Bf4 Nc6 5. Nc3 a6 6. e3 Nf6 7. Nf3 Bf5 8. Bd3
Bxd3 9. Qxd3 e6 10. O-O Bd6 11. Bxd6 Qxd6 12. Rac1 O-O 13. a3 Rac8 14. Na4 Na5
15. Nc5 Rc7 {Symmetrien oppheves !} 16. Ne5 Rfc8 17. Qd2 (17. b4 b6 $2 18. Qxa6
) 17... Nc6 18. f4 Ne4 19. Nxe4 dxe4 20. Nc4 Qe7 21. Nb6 {Et godt felt for
springeren.} Rd8 22. Qc2 f5 23. Qc4 Qf7 24. b4 h6 25. a4 Re7 26. b5 axb5 27.
axb5 Nb8 28. Rf2 Kh7 29. Rfc2 Qe8 30. Qc5 $2 {Etter dette trekket forsvinner
mesteparten av hvitfordelen som var på ca. +1.9. Svart får framtvunget avbytte
av hvits sterke springer.} ({Hvits naturlige plan er å få spilt tårn til c7
eller c8. F.eks} 30. Qb4 g5 31. Rc7 Rf7 32. fxg5 hxg5 33. Rxf7+ Qxf7 34. Qc5)
30... Nd7 31. Nxd7 Rexd7 {Fritz 11 vurderer resten av partiet som remis.} 32.
b6 Rd5 33. Qa3 Ra8 34. Qc3 Rad8 35. Qc7 R5d7 36. Qc4 Rd5 37. Rb2 R5d6 38. Qc7
R6d7 39. Qc4 Rd6 40. Qc7 R6d7 1/2-1/2

[Event "Høstturneringen 2015"]
[Site "Ås, Akershus NOR"]
[Date "2015.10.29"]
[Round "7"]
[White "Støle, Andreas"]
[Black "Lea, Per"]
[Result "1-0"]
[WhiteElo "1555"]
[BlackElo "1564"]
[Annotator "Støle, Andreas"]
[PlyCount "91"]
[EventDate "2015.09.03"]

1. e4 e5 2. f4 d5 {Falkbeer gambit} 3. exd5 e4 4. d3 Nf6 5. dxe4 Nxe4 6. Nf3
Bc5 7. Qe2 Qe7 (7... Bf2+ 8. Kd1 Qxd5+ 9. Nbd2 f5 10. c4 {is another story,
black must probably give up another pawn to not lose a minor piece.}) 8. Be3
Nd7 9. Bxc5 Ndxc5 10. Nbd2 Bd7 11. Nxe4 Nxe4 12. O-O-O O-O-O 13. Ne5 f5 {The
pawn on f5 is protecting the black knight, but is also blocking blacks bishop
and it makes e5 an outstanding outpost for white's knight. The black knight
does also have a nice outpost, BUT e4 is a white square and it can be attacked
by white's bishop.} (13... Nf6 14. d6 cxd6 15. Qc4+ Kb8 16. Qxf7 $16) 14. g3 {
White is in no rush, making room for his bishop on g2.} Rhe8 (14... Qc5 15. Bg2
Nf2 16. Nd3 $1 Nxd3+ 17. Qxd3 $16) 15. Bg2 Nf6 16. Qf2 {Attacking a7} Kb8 17.
Rhe1 Qf8 18. Qf3 Bc8 19. Qb3 {White has a great position, his minor pieces got
excellent positions. Blacks pieces is sitting tight on the 8th rank. How to
crack blacks nutshell? When to push d5-d6?} Ka8 20. Qc3 Kb8 21. Qa5 Rd6 22. Rd3
Ra6 23. Qb5 Rxa2 24. Kb1 (24. d6 $1 Ra1+ 25. Kd2 Rxe1 26. dxc7+ Kxc7 (26... Ka8
27. Kxe1 $18) 27. Rc3+ Kb8 28. Rxc8+ Kxc8 29. Qxb7+ Kd8 30. Nc6#) 24... Ra6 25.
Red1 Rb6 26. Qc4 Rb4 27. Qc3 Ne4 28. Qe1 Qc5 29. Re3 Qb5 30. b3 a5 $2 31. Bxe4
{Wins a pawn} fxe4 32. Rxe4 Rxe4 33. Qxe4 Bd7 34. Kb2 a4 35. d6 (35. Ra1 $1
axb3 36. c4 $1 {Game over}) 35... c5 36. Nxd7+ Qxd7 37. Qxa4 {Wins another pawn
} Qxa4 38. bxa4 Rd8 39. Kb3 Kc8 40. Kc4 b6 41. Kd5 Kb7 42. Ke6 Kc6 43. d7 h6
44. g4 Kc7 45. f5 Kc6 46. Kf7 1-0

[Event "Høstturneringen 2015"]
[Site "Ås, Akershus NOR"]
[Date "2015.10.29"]
[Round "7"]
[White "Fuglseth, Jan"]
[Black "Moberg, Jan Rune"]
[Result "0-1"]
[WhiteElo "1479"]
[BlackElo "1512"]
[PlyCount "92"]
[EventDate "2015.09.03"]

1. c4 b6 2. Nf3 Bb7 3. Nc3 e6 4. d4 f5 5. e3 Nf6 6. Be2 Be7 7. O-O O-O 8. a3 a5
9. b3 c6 10. Bb2 d5 11. Rc1 Na6 12. Re1 Rc8 13. Ne5 Nc7 14. Bf1 Bd6 15. Nd3 Ne4
16. Ne2 Qe8 17. Nef4 g5 18. Nh3 Qg6 19. Ne5 Qg7 20. f3 Nf6 21. Be2 Bxe5 22.
dxe5 Nd7 23. Qd4 c5 24. Qd2 Rf7 25. Nf2 h5 26. h3 Rcf8 27. Rf1 h4 28. Nd3 f4
29. b4 fxe3 30. Qxe3 d4 31. Qd2 Nxe5 32. Nxe5 Qxe5 33. bxa5 bxa5 34. Rce1 Qg3
35. Bc1 Rg7 36. Qxa5 e5 37. Qd2 Ne6 38. Bd1 Nf4 39. Qb2 Nxh3+ 40. Kh1 Nf4 41.
Bxf4 gxf4 42. Qf2 Qg5 43. Bc2 Rf6 44. Qe2 h3 45. Rg1 Qh4 46. g3 fxg3 0-1

[Event "Høstturneringen 2015"]
[Site "Ås, Akershus NOR"]
[Date "2015.10.29"]
[Round "7"]
[White "Simonsen, Steinar"]
[Black "Ruud, Kjetil"]
[Result "1-0"]
[WhiteElo "1227"]
[BlackElo "1387"]
[PlyCount "57"]
[EventDate "2015.09.03"]

1. e4 c6 2. d4 d5 3. exd5 cxd5 4. c4 e6 5. cxd5 Bb4+ 6. Bd2 Bxd2+ 7. Nxd2 Qxd5
8. Ngf3 b5 9. Bd3 Nf6 10. O-O Bb7 11. Rc1 Qxa2 12. Bxb5+ Nbd7 13. Nc4 a6 14.
Ra1 Qxa1 15. Bxd7+ Nxd7 16. Qxa1 O-O 17. Qa4 Nf6 18. Nce5 Rfd8 19. Rc1 Nd5 20.
Qb3 Rab8 21. Qa4 Rd6 22. Qa3 Rbd8 23. h3 f6 24. Nc4 Rc6 25. b3 Nf4 26. Kh2 Nd3
27. Rf1 Rd5 28. Qe7 Bc8 29. Qe8# 1-0

[Event "Høstturneringen 2015"]
[Site "Ås, Akershus NOR"]
[Date "2015.10.29"]
[Round "7"]
[White "Alnes, Tord"]
[Black "Naasen, Nils"]
[Result "0-1"]
[WhiteElo "1059"]
[BlackElo "1314"]
[PlyCount "104"]
[EventDate "2015.09.03"]

1. d4 Nf6 2. c4 g6 3. Nf3 Bg7 4. e3 O-O 5. Nc3 d6 6. Bd3 Bg4 7. Qc2 Nc6 8. Be2
e5 9. d5 Ne7 10. e4 Nd7 11. Be3 f5 12. Ng5 Bxe2 13. Ne6 Qc8 14. Nxf8 Qxf8 15.
Qxe2 f4 16. Bd2 Nf6 17. f3 c6 18. Qf2 Qc8 19. Na4 cxd5 20. cxd5 Qd7 21. Nc3 b5
22. a3 Nc8 23. b4 Nb6 24. O-O Nc4 25. Qe2 Rb8 26. a4 a6 27. axb5 axb5 28. Ra2
h5 29. Rfa1 g5 30. Ra8 Rxa8 31. Rxa8+ Kh7 32. h3 h4 33. Nd1 Nh5 34. Be1 Bf6 35.
Bf2 Kg6 36. Ra7 Qc8 37. Nb2 Ng3 38. Bxg3 hxg3 39. Nxc4 bxc4 40. Qc2 Bd8 41. Kf1
Bb6 42. Ra4 c3 43. b5 Qc5 44. Ke2 Qxb5+ 45. Qd3 Qxa4 46. Qxc3 Qb5+ 47. Kd1 Qf1+
48. Kc2 Qxg2+ 49. Kb3 Bc5 50. Qa5 Qxf3+ 51. Kc4 Qe2+ 52. Kb3 Qd3+ 0-1

[Event "Høstturneringen 2015"]
[Site "Ås, Akershus NOR"]
[Date "2015.10.29"]
[Round "7"]
[White "Bakken, Svein-Erik"]
[Black "Olsen, Trygve"]
[Result "1-0"]
[WhiteElo "1346"]
[BlackElo "1296"]
[PlyCount "75"]
[EventDate "2015.09.03"]

1. d4 d5 2. c4 c6 3. Nc3 e6 4. Nf3 Nd7 5. cxd5 cxd5 6. Bf4 a6 7. e3 g6 8. Be2
Ngf6 9. h3 Ne4 10. O-O Bg7 11. Rc1 O-O 12. Na4 g5 13. Bh2 Qe7 14. Rc7 Qb4 15.
a3 Qa5 16. b4 Nc3 17. Rxc3 Qd8 18. Nc5 b6 19. Nxd7 Qxd7 20. Ne5 Qe7 21. Nc6 Qb7
22. Ne5 Qe7 23. Qc2 f6 24. Rc7 Qe8 25. Nf3 Rf7 26. Rxf7 Qxf7 27. Qc6 Bb7 28.
Qc7 Rc8 29. Qxf7+ Kxf7 30. Ra1 Ke7 31. g4 h6 32. Kf1 e5 33. dxe5 Ke6 34. Nd4+
Kf7 35. Nf5 Bf8 36. Nd6+ Bxd6 37. exd6 Ke6 38. Bd3 1-0

[Event "Høstturneringen 2015"]
[Site "Ås, Akershus NOR"]
[Date "2015.10.29"]
[Round "7"]
[White "Moholt, Knut Erik"]
[Black "Garmark, Vegard"]
[Result "0-1"]
[WhiteElo "1413"]
[BlackElo "1226"]
[PlyCount "72"]
[EventDate "2015.09.03"]

1. e4 d5 2. exd5 Nf6 3. c4 e6 4. Nc3 exd5 5. d4 Qe7+ 6. Be3 Ng4 7. Nxd5 Nxe3 8.
Nxe7 Nxd1 9. Nd5 Nxb2 10. Nxc7+ Kd8 11. Nxa8 Bb4+ 12. Ke2 Nc6 13. Rb1 Re8+ 14.
Kf3 Nxd4+ 15. Kg3 Bd6+ 16. f4 Nf5+ 17. Kf2 Bc5+ 18. Kf3 Re3+ 19. Kg4 Ng3+ (
19... Nh6+ 20. Kh5 Bg4+ 21. Kg5 Be7#) 20. f5 Bxf5+ 21. Kf4 g5+ 22. Kxg5 h6+ 23.
Kf4 Nxh1 24. Kxf5 Bd4 25. Nf3 Bc3 26. Kf4 Re8 27. c5 Nf2 28. Bb5 Re6 29. Rf1
Nbd1 30. Ba4 Re4+ 31. Kg3 Rxa4 (31... Rg4#) 32. Rxf2 Nxf2 33. Kxf2 Rxa2+ 34.
Kg3 Kc8 35. Nh4 Be5+ 36. Kg4 Ra4+ 0-1

[Event "Høstturneringen 2015"]
[Site "Ås, Akershus NOR"]
[Date "2015.10.29"]
[Round "7"]
[White "Samset, Jon"]
[Black "Heien, Aksel"]
[Result "0-1"]
[WhiteElo "1113"]
[BlackElo "924"]
[PlyCount "74"]
[EventDate "2015.09.03"]

1. c4 Nf6 2. Nc3 d5 3. Qb3 e6 4. Nf3 c5 5. g3 Nc6 6. Bg2 Na5 7. Qc2 Nxc4 8. O-O
Bd6 9. d3 Ne5 10. Bg5 b6 11. Nb5 Bb8 12. Rac1 a6 13. d4 Ned7 14. dxc5 bxc5 15.
Qa4 O-O 16. h4 h6 17. Bd2 Qe7 18. Rfd1 Bb7 19. Nc3 d4 20. Nb1 Bc7 21. Ba5 Nb6
22. Bxb6 Bxb6 23. Nbd2 Bd5 24. Nc4 Bxc4 25. Rxc4 e5 26. Nxe5 Qxe5 27. Bxa8 Rxa8
28. Qc6 Rb8 29. Qf3 Re8 30. Rc2 Qe4 31. Qa3 Qxc2 32. Rd3 Rxe2 33. Qxa6 Rxf2 34.
Qa8+ Kh7 35. Rb3 Rd2 36. Rf3 Rg2+ 37. Kf1 Qe2# 0-1

[Event "Høstturneringen 2015"]
[Site "Ås, Akershus NOR"]
[Date "2015.10.29"]
[Round "7"]
[White "Rønbeck, Bjørn"]
[Black "Kjelstrup, Joachim"]
[Result "0-1"]
[WhiteElo "1148"]
[BlackElo "1062"]
[Annotator "Kjelstrup, Joachim"]
[PlyCount "53"]
[EventDate "2015.09.03"]

1. f4 d5 2. d4 Nf6 3. Nf3 e6 4. e3 c5 5. c3 Nc6 6. Bb5 Bd7 7. Nbd2 Be7 8. Nb3
Ne4 9. Nbd2 Nf6 10. Bd3 O-O 11. O-O Ng4 12. e4 $2 Ne3 13. Qe2 Nxf1 14. Kxf1 Re8
15. e5 Rf8 16. Kg1 Qc7 17. Nf1 f6 18. Be3 fxe5 19. fxe5 h6 $2 20. Qf2 Nd8 $2
21. Qg3 Nf7 $4 {(på de 3 siste trekkene har svart gått fra en fordel på -1,3
til å gi hvit en fordel på på 6,0)} 22. Qg6 Ng5 $4 {(Svart fortsetter å gjøre
svake trekk og gir her hvit en mulig mattvariant som starter med Nxg5)} 23. Ng3
$4 {Istedet får svart muligheten til å sperre hvits dronning inne med:} Be8 24.
Nxg5 Bxg6 25. Nxe6 Qb6 26. Nxf8 Bxd3 27. Nd7 {Hvit ga opp} 0-1

[Event "Høstturneringen 2015"]
[Site "Ås, Akershus NOR"]
[Date "2015.10.29"]
[Round "7"]
[White "Petersen, Rune J"]
[Black "Aalmo, Alexander"]
[Result "0-1"]
[WhiteElo "857"]
[BlackElo "1197"]
[PlyCount "129"]
[EventDate "2015.09.03"]

1. d4 d5 2. Nf3 e6 3. a3 Nf6 4. Nc3 c5 5. e3 Nc6 6. Bb5 a6 7. Bxc6+ bxc6 8. O-O
Bd6 9. Ne5 Qc7 10. f4 cxd4 11. exd4 c5 12. Be3 O-O 13. Na4 Ne4 14. Nxc5 Nxc5
15. dxc5 Bxe5 16. fxe5 Qxe5 17. Bd4 Qc7 18. Qe2 Bd7 19. a4 a5 20. Rf2 Rae8 21.
Bxg7 Kxg7 22. Qg4+ Kh8 23. Qd4+ e5 24. Qxd5 Bc6 25. Qd6 Qxd6 26. cxd6 Rd8 27.
Rf6 Rd7 28. b3 Kg7 29. Raf1 Be4 30. R1f2 Bxc2 31. R6f3 Bg6 32. g4 Rxd6 33. h4
Rd1+ 34. Kh2 Rd4 35. Kg3 h5 36. gxh5 Bxh5 37. Rf5 Rd3+ 38. Kh2 Bg6 39. Rxe5
Rxb3 40. Rxa5 Rh8 41. Rf4 Rc8 42. Rf2 Rc4 43. h5 Rh4+ 44. Kg1 Bxh5 45. Rg2+ Bg6
46. Rb5 Ra3 47. a5 Ra1+ 48. Kf2 Ra2+ 49. Kg1 Rxg2+ 50. Kxg2 Ra4 51. Kg3 Kf8 52.
Rc5 f5 53. Rc6 Kf7 54. Ra6 Kg7 55. Ra7+ Kh6 56. Ra6 Kg5 57. Ra8 Ra3+ 58. Kf2
Kf4 59. Rg8 Bh5 60. Kf1 Rxa5 61. Rg2 Ra1+ 62. Kf2 Ra2+ 63. Kg1 Rxg2+ 64. Kxg2
Ke3 65. Kg3 0-1

[Event "Høstturneringen 2015"]
[Site "Ås, Akershus NOR"]
[Date "2015.11.26"]
[Round "7"]
[White "Sandvik, Sander"]
[Black "Brenden, Torbjørn"]
[Result "0-1"]
[WhiteElo "917"]
[BlackElo "1414"]
[Annotator "Brenden,Torbjørn"]
[PlyCount "54"]
[EventDate "2015.09.03"]

1. e4 c5 2. Nc3 d6 3. Bb5+ Bd7 4. Bxd7+ Qxd7 5. Nf3 Nc6 6. O-O g6 7. d3 Bg7 8.
Ne2 Nf6 {Stillingen er helt jevn} 9. Be3 O-O 10. h3 Ne8 {Truer b2 og
forbereder f5} 11. c3 f5 $2 {Svart svekker kongestillingen og gir hvit en
fordel.} 12. Qb3+ Kh8 13. Ng5 $1 {Truer innslag på e6} Nd8 14. Nf4 Nc7 {Svart
klarer akkurat å dekke opp de nødvendige feltene} 15. d4 cxd4 16. cxd4 fxe4 17.
Rac1 {truer offer med Txc7 og springergaffel på e6} Rf5 $2 {Mye bedre er d5} (
17... d5 18. Rxc7 Qxc7 19. Nge6 Nxe6 20. Nxe6 Qc6 21. Nxf8 Rxf8 22. Rc1 Qd7 23.
Qc3 h6 24. Qc7 Rd8 25. Qxd7 Rxd7 26. Rc8+ Kh7) 18. h4 Rc8 19. g4 $2 {Hvit har
her kun 5 minutt igjen på klokka og satset alt på et avgjørende angrep.} Rb5 $2
20. Nf7+ Nxf7 21. Qxf7 Rf8 22. Qc4 Rxf4 $4 (22... Qxg4+ 23. Ng2 Rc8 24. Rc2 Rb6
25. d5 Rxb2 26. Rfc1 Rxc2 27. Rxc2 b5 28. Qc6 Be5) 23. Bxf4 Qxg4+ 24. Kh1 $4 {
Tapstrekket. Hvit har 28 sekund igjen på klokka til å gjøre 16 trekk. Hvit får
en solid fordel etter Lg3} (24. Bg3 Rxb2 25. Qxc7 Bf6) 24... Qxf4 25. Qxc7
Qxh4+ 26. Kg1 Qg4+ 27. Kh1 Rh5# 0-1

[Event "Høstturneringen 2015"]
[Site "Ås, Akershus NOR"]
[Date "2015.11.05"]
[Round "8"]
[White "Furnes, Torstein"]
[Black "Støle, Andreas"]
[Result "1-0"]
[WhiteElo "1629"]
[BlackElo "1555"]
[Annotator "Furnes, Torstein"]
[PlyCount "41"]
[EventDate "2015.09.03"]

1. d4 e6 2. c4 Nf6 3. Nc3 Bb4 4. Qc2 Nc6 5. Nf3 O-O 6. a3 Bxc3+ 7. Qxc3 a5 8.
Bf4 d6 9. e3 Re8 10. Bd3 e5 $6 $16 11. dxe5 dxe5 12. Nxe5 Nxe5 13. Bxe5 Rxe5 $2
$18 {Å ofre tårn for å vinne motstanderens løperpar er ofte godt, men i dette
tilfellet blir kombinasjonen feil pga svarts svake 8. rad.} 14. Qxe5 Qxd3 $2
15. Rd1 Qxd1+ 16. Kxd1 Bg4+ 17. f3 Be6 18. Qxc7 Rc8 19. Qxb7 Rd8+ 20. Kc2 Bxc4
21. Qc7 ({Etter} 21. Qc7 Bd3+ 22. Kd2 {er svarts tårn overbelastet og kan ikke
beskytte både løperen og åttenderaden.}) 1-0

[Event "Høstturneringen 2015"]
[Site "Ås, Akershus NOR"]
[Date "2015.11.05"]
[Round "8"]
[White "Moberg, Jan Rune"]
[Black "Kielland-Lund, Jon"]
[Result "1-0"]
[WhiteElo "1512"]
[BlackElo "1551"]
[Annotator "Kielland-Lund,Jon"]
[PlyCount "113"]
[EventDate "2015.09.03"]

1. d4 d5 2. c4 c6 3. Bf4 Nf6 4. Nc3 dxc4 5. e4 b5 6. f3 e6 7. a4 b4 8. Nb1 a5 (
8... Ba6 9. Ne2 c5 10. dxc5 Qxd1+ 11. Kxd1 Nbd7 12. Nd2 Nxc5 {med klar fordel})
9. Bxc4 Ba6 10. Qd3 Bxc4 11. Qxc4 Qb6 12. Ne2 Be7 13. Nd2 O-O 14. Qb3 Rd8 15.
Nc4 Qb7 16. Rc1 c5 17. dxc5 Bxc5 {med helt likt spill jfr. critter} 18. Be3
Bxe3 19. Qxe3 Qa7 20. Kf2 Nbd7 21. Rhd1 Rdb8 22. Rd6 Qxe3+ 23. Kxe3 e5 24. Rcd1
{etter uinspirert spill, har svart kommet bakpå} Nc5 25. Nxa5 Nxa4 26. Nc6 Re8
27. b3 Nc5 28. Nxb4 Nxb3 29. g4 h6 30. h4 Nc5 31. Rc1 Ra3+ 32. Rc3 Rxc3+ 33.
Nxc3 Nfd7 34. Nd3 f6 35. Rd5 Nxd3 36. Rxd7 Nf4 {Helt likt etter critter} 37. g5
hxg5 38. hxg5 fxg5 39. Nd5 Kf8 40. Kf2 Nh5 41. Ne3 Nf6 42. Rc7 g6 43. Nc4 {en
overraskelse. Helt perpleks overså jeg g4. Det erget meg resten av partiet.}
Re6 44. Rc5 Nd7 45. Rb5 Ke7 {Fortsatt er g4 tingen.....} 46. Kg3 Kf6 47. Ne3
Kf7 48. Kg4 Ra6 49. Kxg5 Ra3 50. Ng4 Rxf3 51. Rb7 Ke6 52. Rxd7 Rf4 53. Ra7 Rxe4
54. Ra6+ Ke7 55. Rxg6 Re1 56. Kf5 Rg1 57. Kxe5 {Partiet er nå teknisk remis,
men vi fortsatte å spille til trekk 94. trekkene er imidlertid vanskelig å
tyde. Svart tapte på tid. Mitt håp lå i 50 trekksregelen, men det holdt altså
ikke.} 1-0

[Event "Høstturneringen 2015"]
[Site "Ås, Akershus NOR"]
[Date "2015.11.05"]
[Round "8"]
[White "Andersen, Odd"]
[Black "Simonsen, Steinar"]
[Result "1-0"]
[WhiteElo "1633"]
[BlackElo "1227"]
[PlyCount "75"]
[EventDate "2015.09.03"]

1. d4 d5 2. c4 e5 3. dxe5 d4 4. Nf3 Nc6 5. g3 Be6 6. b3 Bb4+ 7. Bd2 Nge7 8.
Bxb4 Nxb4 9. a3 Nbc6 10. Bg2 Ng6 11. O-O O-O 12. Ra2 Ngxe5 13. Nxe5 Nxe5 14.
Bxb7 Rb8 15. Bg2 Qd7 16. Rd2 c5 17. Nc3 Bh3 18. Nd5 Bxg2 19. Kxg2 Qb7 20. e3
Qxb3 21. exd4 Qxd1 22. Rdxd1 Nxc4 23. dxc5 Rb5 24. Ne7+ Kh8 25. c6 Rc5 26. Rd7
Ne5 27. Rxa7 Nxc6 28. Rc7 Ra5 29. Rxc6 Rxa3 30. Rfc1 g6 31. Rc8 Rxc8 32. Rxc8+
Kg7 33. Nd5 h5 34. h4 Rd3 35. Nf4 Ra3 36. Rc7 Kf6 37. Nh3 Ra2 38. Ng5 1-0

[Event "Høstturneringen 2015"]
[Site "Ås, Akershus NOR"]
[Date "2015.11.05"]
[Round "8"]
[White "Ruud, Kjetil"]
[Black "Brenden, Torbjørn"]
[Result "1/2-1/2"]
[WhiteElo "1387"]
[BlackElo "1414"]
[Annotator "Brenden,Torbjørn"]
[PlyCount "149"]
[EventDate "2015.09.03"]

1. e4 c5 2. Nf3 Nc6 3. c3 d5 4. exd5 Qxd5 5. d4 {Svart har utlignet hvits
åpningsfordel. Hvits utfordring er muligheten for at det blir skapt en isolert
sentrumsbonde.} cxd4 6. Nxd4 e5 {Det mest aggresive valget.} 7. Nb5 Qxd1+ {
[%eval -113,0] Svart kan være fornøyd med åpningen. Fritz gir svart fordel med}
8. Kxd1 Kd8 $2 {Her overser svart en fordelaktig kombinasjon} (8... Bg4+ 9. f3
O-O-O+ 10. Ke1 Be6 $17) 9. Be3 a6 $2 {Overser hvits neste trekk og utligner
stillingen.} 10. Bb6+ Kd7 11. Nc7 Rb8 12. Bc4 Bd6 13. Nd5 Nge7 14. Ke2 Nxd5 15.
Bxd5 Ke7 {Et trekk som gjør tre ting samtidig. Beskytter f7, frigjør løperen
på c8 og fjerner kongen fra D-linjen for innkommende tårnagrep.} 16. Rd1 Be6
17. Bxe6 {Bytter ut en svak løper. Lxc6 var selvsagt ikke noe alternativ.} (17.
Bxc6 bxc6 18. Ba5 Rxb2+) 17... Kxe6 18. Nd2 {Et småskummelt trekk. Se4 og Sc4
angriper løper a tempo.} Be7 {Hindrer at hvit kan angripe med tempo og dekker
g5. F.eks. 19.Se4, f5 ... og springer har ingen gode felter å gå til. Hvis 20.
Sc5, Lxc5 21. Lxc5, Tbd8 og et fordelaktig sluttspill for svart.} 19. Nc4 Rbc8
20. b3 $2 {Forsvarer Sc4 men skaper en svakhet på c3} Nb8 {Springeren har
ingen gode felter å flytte til og svinges over til d7.} 21. Rd3 {Dekker c3 og
forbereder tårndobling langs d-linja.} Nd7 22. Be3 b5 23. Nb6 Nxb6 24. Bxb6 Rc6
25. Ba5 {Hvits svakhet i bondestrukturen gir svart en liten fordel.} Rhc8 26.
Rad1 h5 {Hvit har bondemajoritet på dronningfløyen, mens svart har majoritet
på kongefløyen.} 27. Rd7 g6 28. Rb7 Bd6 {Blokkerer tårndobling} 29. Bb4 {Hvit
insisterer på å doble tårnene sine, men det skaper en dobbeltbonde.} Bxb4 30.
cxb4 Rc2+ 31. Rd2 R2c7 32. Rb6+ Rc6 33. Rc2 Kd5 34. Rc5+ Kd6 35. Ke3 f5 36. f4
e4 37. Kd4 Rxb6 38. Rxc8 Rc6 39. Rg8 Ke7 40. Ra8 Rd6+ 41. Ke3 {Kongen må
trekke seg tilbake.} (41. Kc5 e3) 41... Rd3+ 42. Ke2 Rd6 43. Ra7+ Kf6 44. h4 {
Låser Kongefløyen fullstendig. Eneste muligheten for fremdrift nå er på
motsatt fløy.} Rc6 45. Kd2 Ke6 46. a4 $2 {Dette er en regnefeil} bxa4 47. bxa4
Kd5 {Trolig dette trekket hvit overså} 48. b5 axb5 49. axb5 Rb6 50. Re7 Rxb5 {
Med bonde over på e4 ser sluttspillet lovende ut for svart.} 51. Kc2 Rb6 $4 {
Her overser svart en vinnende kombinasjon} (51... Kd4 52. Re6 Ke3 53. g3 Kf2
54. Rxg6 e3 55. Re6 e2 56. Kd2 Rd5+ $19) 52. Kc3 Re6 53. Rd7+ Rd6 54. Re7 Ra6
55. Re5+ Kd6 56. Kb2 Kd7 57. Rb5 Re6 58. Kc2 Ke7 59. Kd2 Rd6+ 60. Ke2 Rd3 61.
Rb2 Ke6 62. Rb6+ Rd6 63. Rb5 Ra6 64. Rb3 Kd5 65. Rg3 Kd4 66. Rb3 Ra2+ 67. Kf1 {
På brettet har svart en vinnende fordel, men tidsnøden begynner nå å prege
kvaliteten på begges spill} Rc2 $4 (67... e3 68. Rb4+ Kc3 69. Rb1 Rf2+ 70. Ke1
Rxf4 $17) 68. Rg3 e3 $5 {Fortsatt -3.32 i fordel til svart, men hvit får nå
anledning til å ta tilbake bonden.} 69. Rxg6 Rf2+ 70. Ke1 Rxf4 71. g3 Rg4 72.
Rg5 Ke4 $4 {Svart overser nok en mulighet til vinst.} (72... f4 73. gxf4 Rxh4
74. Ke2 Rh2+ 75. Ke1 Ke4 76. f5 Kf3 77. Rg1 Ra2 78. Kd1 Ra1+ 79. Kc2 Rxg1 $19)
73. Ke2 f4 74. gxf4 Kxf4 $2 {Ikke det beste trekket, men det er uansett remis.}
(74... Rxh4 75. Re5+ Kxf4 76. Rxe3) 75. Rxh5 {Et jevnt parti der svart kom
best ut av åpningen. Hvit kunne tvunget partiet til remis i mellomspillet. I
stedet gjorde hvit en regnefeil som ga svart bonde over. Fribonden burde
avgjort partiet til svarts fordel med korrekt spill. Hvit kjempet hardt og
klarte å redde remisen.} 1/2-1/2